| 000 | 00966cas a2200289 a 4500 | ||
|---|---|---|---|
| 001 | 3211 | ||
| 003 | BD-DhEWU | ||
| 005 | 20181125115844.0 | ||
| 008 | 040508c20029999bg ar g f 0 0eng | ||
| 010 | _a 2003307448 | ||
| 025 | _aB-2003-307448-S; 22 | ||
| 035 | _a(OCoLC)55104792 | ||
| 040 |
_aDLC _beng _cDLC _dDLC _dOCoLC _dBD-DhEWU |
||
| 041 | _aeng | ||
| 050 | 0 | 0 |
_aHF3790.6 _b.A229 |
| 082 | 0 | 0 |
_222 _a650.245492 _bBAN 2002 |
| 245 | 0 | 0 | _aBangladesh business year book / |
| 246 | 3 | _aBangladesh business yearbook | |
| 260 |
_aDhaka : _bA1 Publications, _cc2002. |
||
| 300 |
_av. : _bill. ; _c23 cm. |
||
| 526 |
_aBA _bEconomics |
||
| 590 | _aShaharima Parvin | ||
| 651 | 0 |
_aBangladesh _xCommerce _vHandbooks, manuals, etc. _917210 |
|
| 856 | 4 | 2 |
_3WorldCat details _uhttps://www.worldcat.org/title/bangladesh-business-year-book/oclc/55104792&referer=brief_results |
| 942 |
_2ddc _cREF |
||
| 999 |
_c3211| 4 | 4 | 4 | 4 | 4 _d3211 |
||
| 999 |
_c3211| 4 | 4 | 4 | 4 | 4 _d3211| 4 | 4 | 4 | 4 | 4 |
||